| 000 | 00399nam a22001337a 4500 | ||
|---|---|---|---|
| 020 | _qPB. | ||
| 040 | _cFIZZA ISHAQ | ||
| 082 |
_a388.95491 _bISH |
||
| 100 |
_aHUSAIN,ISHRAT. _9129390 |
||
| 245 |
_aGOVERNING THE UNGOVERNABLE INSTITUTIONAL REFORMS FOR DEMOCRATIC GOVERANCE / _cISHRAT HUSAIN. |
||
| 260 |
_aPAKISTAN; _bSERVICE BOOK CLUB, _c2018. |
||
| 300 |
_a550 P. ; _c9.1X6.1 IN |
||
| 942 |
_2ddc _cBKB |
||
| 999 |
_c616172 _d616172 |
||